Elektrikte Kayıp – Kaçak Bedeli Davaları / (Record no. 200425025)
[ view plain ]
| 000 -LEADER | |
|---|---|
| fixed length control field | 00781 a2200277 4500 |
| 001 - CONTROL NUMBER | |
| control field | 200425025 |
| 003 - CONTROL NUMBER IDENTIFIER | |
| control field | TR-AnTOB |
| 005 - DATE AND TIME OF LATEST TRANSACTION | |
| control field | 20190408221724.0 |
| 008 - FIXED-LENGTH DATA ELEMENTS--GENERAL INFORMATION | |
| fixed length control field | 160829e2015 tu 001 0 |
| 020 ## - INTERNATIONAL STANDARD BOOK NUMBER | |
| International Standard Book Number | 9789750234545 |
| 040 ## - CATALOGING SOURCE | |
| Original cataloging agency | TRTER |
| Language of cataloging | tur |
| Description conventions | rda |
| Transcribing agency | TR-AnTOB |
| 041 ## - LANGUAGE CODE | |
| Language code of text/sound track or separate title | Türkçe |
| 050 #0 - LIBRARY OF CONGRESS CALL NUMBER | |
| Classification number | KKX4246 |
| Item number | .M46 2015 |
| 090 ## - LOCALLY ASSIGNED LC-TYPE CALL NUMBER (OCLC); LOCAL CALL NUMBER (RLIN) | |
| Classification number (OCLC) (R) ; Classification number, CALL (RLIN) (NR) | KKX4246 |
| Local cutter number (OCLC) ; Book number/undivided call number, CALL (RLIN) | .M46 2015 |
| 100 1# - MAIN ENTRY--PERSONAL NAME | |
| Personal name | Memiş, Yusuf |
| 9 (RLIN) | 115716 |
| 245 10 - TITLE STATEMENT | |
| Title | Elektrikte Kayıp – Kaçak Bedeli Davaları / |
| Statement of responsibility, etc. | Yusuf Memiş. |
| 264 #1 - PRODUCTION, PUBLICATION, DISTRIBUTION, MANUFACTURE, AND COPYRIGHT NOTICE | |
| Place of production, publication, distribution, manufacture | Ankara: |
| Name of producer, publisher, distributor, manufacturer | Seçkin, |
| Date of production, publication, distribution, manufacture, or copyright notice | 2015 |
| 300 ## - PHYSICAL DESCRIPTION | |
| Extent | 600 pages ; |
| Dimensions | 24 cm |
| 336 ## - CONTENT TYPE | |
| Content type term | text |
| Source | rdacontent. |
| 337 ## - MEDIA TYPE | |
| Media type term | unmediated |
| Source | rdamedia. |
| 338 ## - CARRIER TYPE | |
| Carrier type term | volume |
| Source | rdacarrier. |
| 650 #0 - SUBJECT ADDED ENTRY--TOPICAL TERM | |
| Topical term or geographic name entry element | Enerji tüketimi |
| Geographic subdivision | Türkiye |
| 9 (RLIN) | 20421 |
| Topical term or geographic name entry element | Energy consumption |
| Geographic subdivision | Turkey |
| 9 (RLIN) | 20423 |
| 942 ## - ADDED ENTRY ELEMENTS (KOHA) | |
| Koha item type | Book |
| Source of classification or shelving scheme | Library of Congress Classification |
| Withdrawn status | Lost status | Not for loan | Collection code | Home library | Current library | Shelving location | Date acquired | Source of acquisition | Cost, normal purchase price | Serial Enumeration / chronology | Inventory number | Total Checkouts | Total Holds | Full call number | Barcode | Copy number | Cost, replacement price | Date shelved | Koha item type |
|---|---|---|---|---|---|---|---|---|---|---|---|---|---|---|---|---|---|---|---|
| Ödünç Verilebilir / Available | Genel Koleksiyon | Merkez Kütüphane | Merkez Kütüphane | Genel Koleksiyon / Main Collection | 29/08/2016 | Bağış / Donation | 0.01 | 1 | HUK | KKX4246 .M46 2015 | 0051774 | 1 | 0.01 | 30/12/2015 | Book |
